Online
Catalog

Pobreza : (Record no. 21601)

MARC details
000 -CABECERA
campo de control de longitud fija 00630nam a2200205 a 4500
001 - NÚMERO DE CONTROL
campo de control 000022103
005 - FECHA Y HORA DE LA ÚLTIMA TRANSACCIÓN
campo de control 20240514104852.0
008 - DATOS DE LONGITUD FIJA--INFORMACIÓN GENERAL
campo de control de longitud fija 100916s1996 ve r 000 0 spa d
020 ## - NÚMERO INTERNACIONAL ESTÁNDAR DEL LIBRO
Número Internacional Estándar del Libro 9803540238
040 ## - FUENTE DE LA CATALOGACIÓN
Centro catalogador/agencia de origen DO-SdBNP
Lengua de catalogación spa
Centro/agencia transcriptor BNPHU
082 ## - NÚMERO DE LA CLASIFICACIÓN DECIMAL DEWEY
Número de clasificación 362.5
Número de documento/Ítem A864p
049 ## - FONDOS LOCALES (OCLC)
Fondos de biblioteca BNGR
100 1# - ENTRADA PRINCIPAL--NOMBRE DE PERSONA
Nombre de persona Atencio Bello, Heraclio E.
Fechas asociadas al nombre 1944-
9 (RLIN) 45795
245 10 - MENCIÓN DE TÍTULO
Título Pobreza :
Resto del título Reto del siglo XXI /
Mención de responsabilidad, etc. Heraclio E. Atencio Bello.
260 ## - PUBLICACIÓN, DISTRIBUCIÓN, ETC.
Lugar de publicación, distribución, etc. Caracas :
Nombre del editor, distribuidor, etc. Italgráfica,
Fecha de publicación, distribución, etc. 1996.
300 ## - DESCRIPCIÓN FÍSICA
Extensión 373 p. ;
Dimensiones 23 cm.
500 ## - NOTA GENERAL
Nota general Incluye referencia biográfica del autor en la solapa.
650 #0 - PUNTO DE ACCESO ADICIONAL DE MATERIA--TÉRMINO DE MATERIA
Término de materia o nombre geográfico como elemento de entrada Pobreza
9 (RLIN) 1525
650 #4 - PUNTO DE ACCESO ADICIONAL DE MATERIA--TÉRMINO DE MATERIA
Término de materia o nombre geográfico como elemento de entrada Pobreza
Subdivisión geográfica Venezuela
9 (RLIN) 45796
Holdings
Estado de retiro Estado de pérdida Restricciones de uso No para préstamo Código de colección Localización permanente Ubicación/localización actual Ubicación en estantería Fecha de adquisición Número de inventario Total de préstamos Signatura topográfica completa Código de barras Fecha visto por última vez Precio válido a partir de Tipo de ítem Koha Número de copia
        Monografías: Libros y Folletos General General En catalogación 16.09.2010 LF1   362.5 A864p 22103-10 25.06.2020 25.06.2020 Préstamo en sala  
      Préstamo restrigido Monografías: Libros y Folletos General General En catalogación 16.09.2010 LF1   362.5 A864p 22103-20 25.06.2020 25.06.2020 Préstamo en sala e. 2

Powered by Koha